An investigation into linguistic features of antithesis in political speeches in English and Vietnamese
Introduction; Literature review and theoretical background; Method and procedures...
Zapisane w:
| 1. autor: | |
|---|---|
| Kolejni autorzy: | |
| Format: | Nieznany |
| Język: | English |
| Wydane: |
Đà Nẵng :
Đại học Đà Nẵng,
2008.
|
| Hasła przedmiotowe: | |
| Etykiety: |
Dodaj etykietę
Nie ma etykietki, Dołącz pierwszą etykiete!
|
| Thư viện lưu trữ: | Mạng thư viện Đại học Đà Nẵng |
|---|
| LEADER | 02084na a2200349 4500 | ||
|---|---|---|---|
| 001 | 000030836 | ||
| 003 | 4680 | ||
| 005 | 20230614090000.0 | ||
| 008 | 151001s2008 000 eng | ||
| 082 | |a 420.4 |b LE-V | ||
| 100 | |a Lê Thị Hoàng Vân | ||
| 245 | 1 | 0 | |a An investigation into linguistic features of antithesis in political speeches in English and Vietnamese |h [Thesis-Luận văn thạc sĩ] / |c Le Thi Hoang Van; Phan Văn Hòa hướng dẫn. |
| 260 | |a Đà Nẵng : |b Đại học Đà Nẵng, |c 2008. | ||
| 300 | |a 112tr. ; |c 29 cm + |e 01 tóm tắt. | ||
| 500 | |a Thesis in the English language. | ||
| 520 | 3 | |a Introduction; Literature review and theoretical background; Method and procedures... | |
| 630 | 0 | 4 | |a English language. |
| 650 | 0 | 4 | |a Linguistic. |
| 650 | 0 | 4 | |a Antithesis. |
| 650 | 0 | 4 | |a Political speeches. |
| 700 | 1 | |a Phan Văn Hòa, |c Ph.D, |e hướng dẫn. | |
| OWN | |a LNN | ||
| AVA | |a UDN50 |b LNN |c English |d 420.4 LE-V |e available |t Error 5001 Not defined in file expand_doc_bib_avail. |f 1 |g 0 |h N |i 0 |j AN | ||
| Z40 | 3 | |y An investigation into linguistic features of antithesis in political speeches in English and Vietnam |l Library of UFL |t VIEW |x http://catalog.udn.vn:80/F?func=service&doc_library=UDN01&local_base=UDN01&doc_number=000030836&sequence=000001&line_number=0001&func_code=DB_RECORDS&service_type=MEDIA |f sumary1_000025868.pdf |e pdf |s 000249997 |k 20230614 |m NTMTHI | |
| 999 | |a From the UDN01 | ||
| AVA | |a UDN50 |b LNN |c English |d 420.4 LE-V |e available |t Error 5001 Not defined in file expand_doc_bib_avail. |f 1 |g 0 |h N |i 0 |j AN | ||
| TYP | |a Printed language | ||
| 856 | |y An investigation into linguistic features of antithesis in political speeches in English and Vietnam |l Library of UFL |t VIEW |x http://catalog.udn.vn:80/F?func=service&doc_library=UDN01&local_base=UDN01&doc_number=000030836&sequence=000001&line_number=0001&func_code=DB_RECORDS&service_type=MEDIA |f sumary1_000025868.pdf |e pdf |s 000249997 |k 20230614 |m NTMTHI | ||
| 980 | |a Mạng thư viện Đại học Đà Nẵng | ||